000 00569nam a22002177a 4500
003 UA-OsUOA
001 43964
007 ta
008 20070131b un ||||| |||| 00| 0 ukr d
100 _aШвая Д.
090 _a908
_bШ-11
942 _cSA
040 _aUA-OsUOA
_bukr
_cUA-OsUOA
_dUA-OsUOA
245 _aМить, зупинись, бо ти прекрасна, або Як записати різдвяне свято?
300 _aС.6
955 _a0
041 _aukr
080 _a908
773 0 _w43961
650 7 _a908 Краєзнавство
_2UDC
999 _c330083
_d330083